| 000 | 01025nam a22003017a 4500 | ||
|---|---|---|---|
| 001 | 5282 | ||
| 003 | FISKH | ||
| 005 | 20260304123141.0 | ||
| 008 | 241122b cb ||||| |||| 00| 0 eng d | ||
| 020 | _a1556614705 | ||
| 040 |
_aFISKH _beng _cFISKH _dFISKH |
||
| 050 | _aPZ7.J132418 | ||
| 082 | _a813.54 | ||
| 100 | _aJackson, Dave | ||
| 245 |
_aThe thieves of Tyburn Square / _cby Dave & Neta Jackson |
||
| 260 |
_aMinnepolis : _bBethany House Publishers ; _c1995 . |
||
| 300 |
_a141 pages : _billustrations ; _c21 cm . |
||
| 490 |
_aTrailblazer Books _vBook 11 |
||
| 505 | _aS | ||
| 520 | _aIn 1817 a teenage brother and sister are relieved from the abuses of Newgate Prison in London by the prison reform efforts of Quaker minister Elizabeth Fry. | ||
| 521 | 8 |
_a790
_bLexile estimate |
|
| 521 | 8 |
_aS
_bRaz-Plus |
|
| 650 |
_aFry , Eluzabeth Gurney , 1780-1845 _vJuvenile Fiction |
||
| 650 |
_aNewgate _vFiction |
||
| 700 |
_aJackson, Julian _eillustrator |
||
| 942 |
_2ddc _cBK _n0 |
||
| 999 |
_c5282 _d5282 |
||